|
|
|
|
| LEADER |
00000cam a2200000 7i4500 |
| 001 |
0000086007 |
| 005 |
20220105104317.0 |
| 008 |
201129 |
| 020 |
|
|
|a 9789670976280 (Set)
|
| 020 |
|
|
|a 9789670976365
|
| 041 |
0 |
|
|a Malay
|
| 090 |
0 |
0 |
|a JP
|b MOR MAL
|
| 100 |
0 |
|
|a Siti Nur Solehah
|
| 245 |
1 |
0 |
|a Sang Semut suka makan kismis
|c Siti Nur Solehah
|
| 260 |
|
|
|a Kelantan :
|b Pustaka Sukses ,
|c 2019
|
| 300 |
|
|
|a 24 p. :
|b ill.; col. ;
|c 25.9 cm.
|
| 490 |
0 |
|
|a Tip teladan moral dan sivik
|
| 500 |
|
|
|a Children age 4-6 years old (yellow)
|
| 541 |
0 |
0 |
|c Purchased on 2020
|f 002597 NND
|h RM20.25
|
| 650 |
|
0 |
|a Children stories, Malay
|
| 650 |
|
0 |
|a Moral
|
| 999 |
|
|
|a 0001640542
|b Book
|c Children Collection
|e Cawangan Segamat
|
| 999 |
|
|
|a 0001640543
|b Book
|c Children Collection
|e Cawangan Bandar Tenggara
|
| 999 |
|
|
|a 0001640545
|b Book
|c Children Collection
|e Cawangan Batu Pahat
|
| 999 |
|
|
|a 0001640546
|b Book
|c Children Collection
|e Cawangan Bukit Gambir
|
| 999 |
|
|
|a 0001640547
|b Book
|c Children Collection
|e Cawangan Taman Sri Lambak
|
| 999 |
|
|
|a 0001640548
|b Book
|c Children Collection
|e Cawangan Pontian
|
| 999 |
|
|
|a 0001640549
|b Book
|c Children Collection
|e Cawangan Bandar Penawar
|
| 999 |
|
|
|a 0001640550
|b Book
|c Children Collection
|e Cawangan Kota Tinggi
|
| 999 |
|
|
|a 0001640551
|b Book
|c Children Collection
|e Cawangan Tangkak
|
| 999 |
|
|
|a 0001640552
|b Book
|c Children Collection
|e Cawangan Mersing
|
| 999 |
|
|
|a 0001640553
|b Book
|c Children Collection
|e Cawangan Muar
|
| 999 |
|
|
|a 0001640554
|b Book
|c Children Collection
|e Cawangan Tmn. Ungku Tun Aminah
|
| 999 |
|
|
|a 0001640555
|b Book
|c Children Collection
|e Cawangan Taman Universiti
|
| 999 |
|
|
|a 0001644951
|b Book
|c Children Collection
|e Perbadanan Perpustakaan Awam Johor
|
| 999 |
|
|
|a 0001644952
|b Book
|c Children Collection
|e Cawangan Urban Transformation Centre
|
| 999 |
|
|
|a 0001644953
|b Book
|c Children Collection
|e Cawangan AEON Kulaijaya
|